000 00311nam a2200121Ia 4500
008 231228s2000 xx 000 0 und d
041 _aeng
082 _a5.133
_bSCO
100 _aSCOTT (M.L.)
245 _aProgramming Language: Programming
260 _aNew Delhi
_bHARCOURT ASIA G
_c2000
300 _aXXI,856
999 _c1086565
_d1086565